000 00647nam a2200229Ia 4500
003 IT-RoPAU
008 120407s9999 xx 000 0 und d
040 _aIT-RoPAU
040 _cIT-RoPAU
041 _alat
100 _aReine Kaczynski
100 _ccur.
245 _aEnchiridion Documentorum Instaurationis Liturgicae. A cura di R. Kaczynski
250 _aTorino
260 _aMarietti - Ed. Liturgiche
260 _c1976
300 _c19,5 cm
490 _v2
600 _a"v. 1°: Anni 1963 - 1973 XVI - 1222 p. v. 2°: Anni 1973 - 1983 XIII - 668 p. "
942 _cBK
999 _c13849
_d13849